| 000 | 00779nam a22001937a 4500 | ||
|---|---|---|---|
| 005 | 20240530110419.0 | ||
| 008 | 140917s2010 ua og gr 000 0 ara d | ||
| 017 |
_a2009/15736 _bمصر . دار كتب المصرية |
||
| 020 | _a9789773286306 | ||
| 040 | _aEG-CaGPL | ||
| 082 | 0 | 4 |
_221 _a372.218\ _bهـ ع |
| 100 | 0 |
_aهبة عبدالحليم عبدربه _eمؤلف |
|
| 245 | 1 |
_aعلم النفس الموسيقى : _bتنمية سمات الشخصية لدى طفل الروضة / _cهبة عبدالحليم عبدربة |
|
| 260 |
_aالاسكندرية : _bدار الجامعة الجديدة ، _c2010 |
||
| 300 |
_a719 ص : _bايض ؛ _c24 سم |
||
| 650 | 0 | 4 | _aعلم النفس الموسيقى |
| 942 |
_2ddc _cBK |
||
| 999 |
_c60622 _d60622 |
||